Zábavky s veršom /

Main Author: Kret, Anton, 1930-2019
Corporate Author: Spolok priateľov Spiša (Bratislava, Slovensko)
Language: Slovak
Published: Bratislava : SPS, 2000
Physical Description: 77 s. ; 21 cm
Book
Saved in:
LEADER 00867nam a2200265 a 4500
001 000602390
003 CZ BrMZK
005 20090129165824.0
007 ta
008 020524s2000 xo g p slo d
020 |a 80-85225-08-5 
040 |a BOA001  |b cze 
072 7 |a 821.162.4  |x Slovenská literatura  |2 Konspekt  |9 25 
080 |a 821.162.4-1  |2 MRF 
080 |a (0:82-1)  |2 MRF 
100 1 |a Kret, Anton,  |d 1930-2019  |7 jn19990004657  |4 aut 
245 1 0 |a Zábavky s veršom /  |c Anton Kret 
260 |a Bratislava :  |b SPS,  |c 2000 
300 |a 77 s. ;  |c 21 cm 
500 |a Vydavatel: Spolok priateľov Spiša 
655 7 |a slovenská poezie  |7 fd183397  |2 czenas 
710 2 |a Spolok priateľov Spiša (Bratislava, Slovensko) 
910 |a BOA001  |b 2-1103.522 
990 |a BK 
996 7 |b 2610161804  |c 2-1103.522  |l MZK  |r Sklad / do 1 hodiny  |n 0  |p dar  |w 000602390  |u 000010  |a 1  |e BOA001  |j MZK50  |s A